Designing for people / (Record no. 353846)
[ view plain ]
| 000 -LEADER | |
|---|---|
| fixed length control field | 01495nam a2200253 a 4500 |
| 001 - CONTROL NUMBER | |
| control field | ASIN1581153120 |
| 003 - CONTROL NUMBER IDENTIFIER | |
| control field | OSt |
| 005 - DATE AND TIME OF LATEST TRANSACTION | |
| control field | 20180116192419.0 |
| 008 - FIXED-LENGTH DATA ELEMENTS--GENERAL INFORMATION | |
| fixed length control field | 131126s2003 xxu eng d |
| 020 ## - INTERNATIONAL STANDARD BOOK NUMBER | |
| International Standard Book Number | 1581153120 (paperback) |
| Terms of availability | $19.95 |
| 020 ## - INTERNATIONAL STANDARD BOOK NUMBER | |
| International Standard Book Number | 9781581153125 (paperback) |
| 040 ## - CATALOGING SOURCE | |
| Transcribing agency | d |
| 050 04 - LIBRARY OF CONGRESS CALL NUMBER | |
| Classification number | NK1105 |
| 082 04 - DEWEY DECIMAL CLASSIFICATION NUMBER | |
| Classification number | 745.43 |
| 100 1# - MAIN ENTRY--PERSONAL NAME | |
| Personal name | Dreyfuss, Henry. |
| 9 (RLIN) | 7136 |
| 245 10 - TITLE STATEMENT | |
| Title | Designing for people / |
| Statement of responsibility, etc. | Henry Dreyfuss. |
| 260 ## - PUBLICATION, DISTRIBUTION, ETC. | |
| Place of publication, distribution, etc. | [S.l.] : |
| Name of publisher, distributor, etc. | Allworth Press, |
| Date of publication, distribution, etc. | 2003. |
| 300 ## - PHYSICAL DESCRIPTION | |
| Extent | 256 p. ; |
| Dimensions | 24 cm. |
| 520 ## - SUMMARY, ETC. | |
| Summary, etc. | A cult read among designers for more than half a century, the famous manifesto of America's greatest industrial designer is finally back in print! From the first answering machine ("the electronic brain") and the Hoover vacuum cleaner to the SS Independence and the Bell telephone, the creations of Henry S. Dreyfuss have shaped the cultural landscape of the 20th century. Written in a robust, fresh style, this book offers an inviting mix of professional advice, case studies, and design history along with historical black-and-white photos and the author's whimsical drawings. In addition, the author's uncompromising commitment to public service, ethics, and design responsibility makes this masterful guide a timely read for today's designers. 152 B&W Illustrations. |
| 650 #0 - SUBJECT ADDED ENTRY--TOPICAL TERM | |
| Topical term or geographic name entry element | Human engineering |
| 9 (RLIN) | 7137 |
| 650 #0 - SUBJECT ADDED ENTRY--TOPICAL TERM | |
| Topical term or geographic name entry element | Industrial design |
| 9 (RLIN) | 7138 |
| 856 40 - ELECTRONIC LOCATION AND ACCESS | |
| Materials specified | Amazon.com |
| Uniform Resource Identifier | <a href="http://www.amazon.com/exec/obidos/ASIN/1581153120/chopaconline-20">http://www.amazon.com/exec/obidos/ASIN/1581153120/chopaconline-20</a> |
| 942 ## - ADDED ENTRY ELEMENTS (KOHA) | |
| Source of classification or shelving scheme | |
| Koha item type | Book |
| Withdrawn status | Lost status | Source of classification or shelving scheme | Damaged status | Not for loan | Permanent Location | Current Location | Date acquired | Total Checkouts | Total Renewals | Full call number | Barcode | Date last seen | Date last checked out | Cost, replacement price | Price effective from | Koha item type |
|---|---|---|---|---|---|---|---|---|---|---|---|---|---|---|---|---|
| School of Art Design and Architecture (SADA) | School of Art Design and Architecture (SADA) | 11/26/2013 | 2 | 1 | 745.43 DRE 2003 | SADA0002166 | 03/21/2024 | 08/10/2016 | 2085.65 | 11/26/2013 | Book |
